| 000 | 00000nas 2200000za 4500 |
| 001 | 9.833019 |
| 003 | CaOODSP |
| 005 | 20221107150126 |
| 007 | cr ||||||||||| |
| 008 | 170224d19811984oncar p oss f0###b0fre|d |
| 022 | |y0319-9002 |
| 040 | |aCaOODSP|bfre |
| 041 | |aeng|afre |
| 043 | |an-cn--- |
| 086 | 1 |aCS43-213-PDF |
| 245 | 00|aMiscellaneous electrical industries |h[ressource électronique] / |cStatistics Canada, Manufacturing and Primary Industries Division, Foods, Beverages, Textiles and Miscellaneous Industries Section = Fabrication de produits électriques divers / Statistique Canada, Division des industries manufacturières et primaires, Section des aliments, des boissons, des textiles et des industries diverses. |
| 246 | 11|aFabrication de produits électriques divers |
| 260 | |aOttawa : |bStatistics Canada = Statistique Canada, |c1983-1986. |
| 310 | |aAnnuel |
| 362 | 0 |a1981-1984. |
| 490 | 0 |aAnnual census of manufactures = Recensement annuel des manufactures |
| 500 | |aÉdition numérisée de l’imprimé [par Statistique Canada]. |
| 546 | |aTexte en anglais et en français. |
| 550 | |aPubl. 1982 par la Section des aliments, des textiles, des produits chimiques et des industries diverses; 1983-1984 par la Section du recensement des manufactures. |
| 580 | |aFusion de: Battery manufacturers (Final); Manufacturers of miscellaneous electrical products (Final); Manufacturers of lighting fixtures (Final); et, Electric lamp and shade manufacturers (Final). |
| 580 | |aFusionné avec: Communications and other electronic equipment industries; Electrical industrial equipment industries; Communications and energy wire and cable industry; et, Appliances, radio and televison manufacturers, et devient: Electrical and electronic products industries. |
| 692 | 07|2gccst|aIndustrie de la fabrication |
| 692 | 07|2gccst|aÉquipement électronique |
| 710 | 2 |aCanada. |bStatistique Canada. |bSection des aliments, des boissons, des textiles et des industries diverses. |
| 710 | 1 |aCanada. |bStatistique Canada. |bSection des aliments, des textiles, des produits chimiques et des industries diverses. |
| 710 | 1 |aCanada. |bStatistique Canada. |bSection du recensement des manufactures. |
| 780 | 00|tBattery manufacturers |w(CaOODSP)9.832983 |
| 780 | 00|tManufacturers of miscellaneous electrical products |w(CaOODSP)9.832996 |
| 780 | 00|tManufacturers of lighting fixtures |w(CaOODSP)9.832999 |
| 780 | 00|tElectric lamp and shade manufacturers |w(CaOODSP)9.864634 |
| 785 | 00|tElectrical and electronic products industries |w(CaOODSP)9.833031 |
| 791 | |tMiscellaneous electrical industries |eeng|w(CaOODSP)9.833015 |